Kerajaan khalifah Islam : (Record no. 132696)

MARC details
000 -LEADER
fixed length control field 00762nam a2200241 i 4500
001 - CONTROL NUMBER
control field C2-0334200
003 - CONTROL NUMBER IDENTIFIER
control field PPAK
005 - DATE AND TIME OF LATEST TRANSACTION
control field 20180728134052.0
008 - FIXED-LENGTH DATA ELEMENTS--GENERAL INFORMATION
fixed length control field 151019s2015 my a|||| ||||| | may d
020 ## - INTERNATIONAL STANDARD BOOK NUMBER
International Standard Book Number 9789675391415
040 ## - CATALOGING SOURCE
Original cataloging agency PPAK
Language of cataloging eng
Transcribing agency PPAK
Description conventions rda
082 04 - DEWEY DECIMAL CLASSIFICATION NUMBER
Classification number 297.648
Edition number 23
090 00 - LOCALLY ASSIGNED LC-TYPE CALL NUMBER (OCLC); LOCAL CALL NUMBER (RLIN)
Classification number (OCLC) (R) ; Classification number, CALL (RLIN) (NR) 297.648
Feature heading RAF
Feature heading G
100 0# - MAIN ENTRY--PERSONAL NAME
Personal name Raffar Mat,
Relator term author
245 10 - TITLE STATEMENT
Title Kerajaan khalifah Islam :
Remainder of title khulafa Ar-Rasyidin (kekuatan Abu Bakar dan Umar) Kerajaan Umaiyah
264 #1 - PRODUCTION, PUBLICATION, DISTRIBUTION, MANUFACTURE, AND COPYRIGHT NOTICE
Place of production, publication, distribution, manufacture Petaling Jaya, Selangor :
Name of producer, publisher, distributor, manufacturer Hijjaz Records Publishing ,
Date of production, publication, distribution, manufacture, or copyright notice 2015
300 ## - PHYSICAL DESCRIPTION
Extent xxi, 343 pages :
Other physical details colour photographs ;
Dimensions 21 cm
336 ## - CONTENT TYPE
Source rdacontent
Content type term text
337 ## - MEDIA TYPE
Source rdamedia
Media type term unmediated
338 ## - CARRIER TYPE
Source rdacarrier
Carrier type term volume
650 10 - SUBJECT ADDED ENTRY--TOPICAL TERM
Topical term or geographic name entry element Caliphate. ; Caliphs.
942 ## - ADDED ENTRY ELEMENTS (KOHA)
-- dc
Koha item type Book
Holdings
Withdrawn Not for loan Current library Shelving location Date acquired Total Checkouts Full call number Barcode Date last seen Date last checked out Koha item type Total Renewals
    Perpustakaan Alor Setar Pinjaman Dewasa 29/10/2015 13 297.648 RAF A01467765 05/05/2025 18/03/2025 Book 4
    Perpustakaan Jitra Pinjaman Dewasa 29/10/2015 2 297.648 RAF A01467766 19/10/2022 04/10/2022 Book  
    Perpustakaan Kulim Pinjaman Dewasa 29/10/2015 6 297.648 RAF A01467767 23/02/2025 21/01/2025 Book  
    Perpustakaan Merbok Pinjaman Dewasa 29/10/2015 1 297.648 RAF A01467768 10/06/2024 07/05/2024 Book